| 000 | 02246nam a2200505 i 4500 | ||
|---|---|---|---|
| 001 | ebr10831412 | ||
| 003 | CaPaEBR | ||
| 006 | m o d | ||
| 007 | cr cn||||||||| | ||
| 008 | 970714t19981998enka ob 001 0 eng|d | ||
| 020 | _z185739089X (acid-free paper) | ||
| 020 | _z9783598115141 | ||
| 020 | _a9783110963175 (e-book) | ||
| 040 |
_aCaPaEBR _beng _erda _epn _cCaPaEBR |
||
| 035 | _a(OCoLC)872671999 | ||
| 043 | _ae-uk--- | ||
| 050 | 1 | 4 |
_aZ683 _b.R58 1998eb |
| 082 | 0 | 4 |
_a025.1/1 _221 |
| 100 | 1 |
_aRoberts, Stephen A. _q(Stephen Andrew) |
|
| 245 | 1 | 0 |
_aFinancial and cost management for libraries and information services / _cStephen A. Roberts. |
| 250 | _aSecond edition. | ||
| 264 | 1 |
_aLondon ; _aNew Providence, NJ : _bBowker-Saur, _c[1998] |
|
| 264 | 4 | _c�1998 | |
| 300 |
_a1 online resource (432 pages) : _billustrations |
||
| 336 |
_atext _2rdacontent |
||
| 337 |
_acomputer _2rdamedia |
||
| 338 |
_aonline resource _2rdacarrier |
||
| 500 | _aRev. ed. of: Cost management for library and information services. 1985. | ||
| 504 | _aIncludes bibliographical references and index. | ||
| 588 | _aDescription based on print version record. | ||
| 590 | _aElectronic reproduction. Palo Alto, Calif. : ebrary, 2014. Available via World Wide Web. Access may be limited to ebrary affiliated libraries. | ||
| 650 | 0 |
_aLibraries _xCost control. |
|
| 650 | 0 |
_aInformation services _xCost control. |
|
| 650 | 0 |
_aInformation services _xFinance. |
|
| 650 | 0 | _aLibrary finance. | |
| 650 | 0 |
_aLibraries _zGreat Britain _xCost control. |
|
| 650 | 0 |
_aInformation services _zGreat Britain _xCost control. |
|
| 650 | 0 |
_aInformation services _zGreat Britain _xFinance. |
|
| 650 | 0 |
_aLibrary finance _zGreat Britain. |
|
| 655 | 0 | _aElectronic books. | |
| 700 | 1 |
_aRoberts, Stephen A. _q(Stephen Andrew). _tCost management for library and information services. |
|
| 776 | 0 | 8 |
_iPrint version: _aRoberts, Stephen A. _tFinancial and cost management for libraries and information services. _dLondon : Bowker-Saur, [1998] _hxxv, 406 pages ; 23 cm. _z9783598115141 _w(DLC) 97030611 |
| 797 | 2 | _aebrary. | |
| 856 | 4 | 0 |
_uhttp://site.ebrary.com/lib/rucke/Doc?id=10831412 _zAn electronic book accessible through the World Wide Web; click to view |
| 999 |
_c90939 _d90939 |
||